Catálogo de los cuadros del Real Monasterio de San Lorenzo, llamado del Escorial (Record no. 162377)

MARC details
000 -LEADER
campo de control de longitud fija 00842nam a2200181 i 4500
001 - NÚMERO DE CONTROL
campo de control 162377
003 - IDENTIFICADOR DE NÚMERO DE CONTROL
campo de control ES-MaACL
005 - FECHA Y HORA DE LA ÚLTIMA TRANSACCIÓN
campo de control 20251003063141.0
008 - DATOS DE LONGITUD FIJA--INFORMACIÓN GENERAL
campo de control de longitud fija 990125s1857 sp c |||| | spa d
100 1# - ENTRADA PRINCIPAL--NOMBRE DE PERSONA
Nombre de persona Poleró y Toledo, Vicente,
Fechas asociadas al nombre 1824-1911
9 (RLIN) 92809
245 10 - MENCIÓN DEL TÍTULO
Título Catálogo de los cuadros del Real Monasterio de San Lorenzo, llamado del Escorial
Resto del título : en el que se comprenden los del Real Palacio, Casino del Príncipe y Capilla de la Fresneda /
Mención de responsabilidad, etc. redactado por Vicente Poleró y Toledo.
260 ## - PUBLICACIÓN, DISTRIBUCIÓN, ETC.
Lugar de publicación, distribución, etc. Madrid :
Nombre del editor, distribuidor, etc. [s.n.],
Fecha de publicación, distribución, etc. 1857 (
Fabricante Imp. de Tejado)
300 ## - DESCRIPCIÓN FÍSICA
Extensión 201 p. ;
Dimensiones 20 cm.
610 2# - PUNTO DE ACCESO ADICIONAL DE MATERIA--NOMBRE DE ENTIDAD CORPORATIVA
Nombre de entidad corporativa o nombre de jurisdicción como elemento de entrada Monasterio de El Escorial.
9 (RLIN) 5729
650 #4 - PUNTO DE ACCESO ADICIONAL DE MATERIA--TÉRMINO DE MATERIA
Término de materia o nombre geográfico como elemento de entrada Pintura-
Subdivisión geográfica Monasterio de El Escorial-
Subdivisión de forma Catálogos.
9 (RLIN) 169665
852 ## - LOCALIZACIÓN
Ubicación ES-MaACL
Número de control de estantería T-304-F-3
Nota libre - Enc. hol.
condición física - Falto de cub. original
Nota libre - Enc. en un vol. facticio
Holdings
Estatus retirado Estado de pérdida Estado de daño No para préstamo Colección Biblioteca de origen Biblioteca actual Ubicación en estantería Fecha de adquisición Total de préstamos Signatura topográfica completa Código de barras Visto por última vez Precio de reemplazo Tipo de ítem Koha
        Colección de folletos Biblioteca del Ateneo de Madrid Biblioteca del Ateneo de Madrid Depósito folletos 17/01/2008   T-304-F-3 1170112 23/02/2023 23/02/2023 Folleto